Most Populated City in Each County in Kentucky - Statistics

General Stats
  • This quiz has been taken 36 times
  • The average score is 40 of 120
Answer Stats
County City Pop. City % Correct
Fayette 321,793 Lexington
100%
Jefferson 628,594 Louisville
100%
Warren 73,529 Bowling Green
92%
Daviess 60,011 Owensboro
92%
Franklin 28,595 Frankfort
88%
Hardin 31,931 Elizabethtown
80%
McCracken 26,278 Paducah
80%
Madison 35,756 Richmond
80%
Scott 37,730 Georgetown
76%
Pike 7,327 Pikeville
72%
Kenton 40,837 Covington
68%
Laurel 7,413 London
68%
Boyd 21,476 Ashland
64%
Christian 30,683 Hopkinsville
64%
Perry 5,111 Hazard
60%
Boyle 17,303 Danville
56%
Boone 32,132 Florence
56%
Bullitt 18,317 Mount Washington
56%
Shelby 17,379 Shelbyville
56%
Rowan 7,013 Morehead
52%
Calloway 17,311 Murray
52%
Jessamine 31,490 Nicholasville
52%
Woodford 10,431 Versailles
52%
Nelson 13,621 Bardstown
48%
Taylor 11,459 Campbellsville
48%
Whitley 7,768 Corbin
48%
Simpson 10,133 Franklin
48%
Henderson 27,716 Henderson
48%
Graves 9,971 Mayfield
48%
Bourbon 10,209 Paris
48%
Pulaski 11,954 Somerset
48%
Clark 19,071 Winchester
48%
Muhlenburg 5,912 Central City
44%
LaRue 3,338 Hodgenville
44%
Oldham 10,183 La Grange
44%
Johnson 4,347 Paintsville
44%
Carroll 3,895 Carrollton
40%
Barren 15,087 Glasgow
40%
Grayson 6,409 Leitchfield
40%
Hopkins 19,420 Madisonville
40%
Breathitt 2,208 Jackson
36%
Bell 9,273 Middlesboro
36%
Floyd 4,092 Prestonsburg
36%
Washington 2,834 Springfield
36%
Meade 2,913 Brandenburg
32%
Nicholas 2,121 Carlisle
32%
Adair 4,996 Columbia
32%
Fleming 2,928 Flemingsburg
32%
Carter 3,710 Grayson
32%
Green 2,195 Greensburg
32%
Marion 6,355 Lebanon
32%
Mason 8,761 Maysville
32%
Butler 2,469 Morgantown
32%
Caldwell 6,204 Princeton
32%
Spencer 1,268 Taylorsville
32%
Lyon 2,283 Eddyville
28%
Fulton 2,385 Fulton
28%
Breckinridge 2,397 Hardinsburg
28%
Mercer 9,112 Harrodsburg
28%
Anderson 11,795 Lawrenceburg
28%
Montgomery 7,545 Mount Sterling
28%
Owen 1,593 Owenton
28%
Russell 2,742 Russell Springs
28%
Logan 7,190 Russellville
28%
Trigg 2,691 Cadiz
24%
Hickman 1,260 Clinton
24%
Harrison 6,361 Cynthiana
24%
Pendleton 2,198 Falmouth
24%
Martin 535 Inez
24%
Lawrence 2,652 Louisa
24%
Bath 1,586 Owingsville
24%
Allen 4,329 Scottsville
24%
Monroe 2,307 Tompkinsville
24%
Morgan 3,247 West Liberty
24%
Clinton 1,742 Albany
20%
Ohio 3,536 Beaver Dam
20%
Marshall 4,763 Benton
20%
Owsley 157 Booneville
20%
Metcalfe 1,686 Edmonton
20%
Campbell 17,264 Fort Thomas
20%
Estill 2,333 Irvine
20%
Garrard 3,914 Lancaster
20%
Casey 1,981 Liberty
20%
Elliott 644 Sandy Hook
20%
Powell 3,154 Stanton
20%
Gallatin 1,727 Warsaw
20%
Bracken 1,100 Augusta
16%
Knox 2,990 Barbourville
16%
Edmonson 934 Brownsville
16%
Hart 2,221 Horse Cave
16%
Leslie 272 Hyden
16%
Clay 1,497 Manchester
16%
Crittenden 2,848 Marion
16%
Union 3,232 Morganfield
16%
Robertson 354 Mount Olivet
16%
Rockcastle 2,407 Mount Vernon
16%
Magoffin 1,536 Salyersville
16%
Lincoln 3,612 Stanford
16%
Lewis 1,360 Vanceburg
16%
Lee 2,054 Beattyville
12%
Wolfe 313 Campton
12%
Harlan 1,898 Cumberland
12%
Todd 2,068 Elkton
12%
Greenup 7,261 Flatwoods
12%
Menifee 589 Frenchburg
12%
Knott 688 Hindman
12%
Cumberland 1,345 Burkesville
8%
Letcher 1,877 Jenkins
8%
Ballard 860 LaCenter
8%
Wayne 5,694 Monticello
8%
Webster 2,856 Providence
8%
Grant 3,962 Williamstown
8%
Carlisle 710 Bardwell
4%
Henry 2,708 Eminence
4%
Trimble 592 Milton
4%
Jackson 831 Annville
0%
Livingston 1,720 Ledbetter
0%
Hancock 1,758 Lewisport
0%
McLean 1,221 Livermore
0%
McCreary 1,431 Pine Knot
0%
No matching quizzes found
Score Distribution
Percent of People with Each Score
Percentile by Number Answered
Your Score History
You have not taken this quiz